书目信息 |
| 题名: |
议论文写作导引
|
|
| 作者: | 吴祖兴 | |
| 分册: | ||
| 出版信息: | 北京 清华大学出版社 1988.09 |
|
| 页数: | 197页 | |
| 开本: | 21cm | |
| 丛书名: | ||
| 单 册: | ||
| 中图分类: | H152.2 | |
| 科图分类: | ||
| 主题词: | 汉语--写作 , 汉语--修辞 | |
| 电子资源: | ||
| ISBN: | 7-302-00246-0 | |
| 000 | 00557nam0 2200205 45 | |
| 001 | 0404281666 | |
| 005 | 20040428163951.5 | |
| 010 | @a7-302-00246-0@dCNY1.70 | |
| 100 | @a20040428d1988 km y0chiy0120 ea | |
| 101 | 0 | @achi |
| 105 | @a z 000yy | |
| 200 | 1 | @a议论文写作导引@AYi Lun Wen Xie Zuo Dao Yin@f吴祖兴@FWu Zu Xing |
| 210 | @a北京@c清华大学出版社@d1988.09 | |
| 215 | @a197页@d21cm | |
| 606 | 0 | @a汉语@x写作 |
| 606 | 0 | @a汉语@x修辞 |
| 690 | @aH152.2@v3 | |
| 701 | 0 | @a吴祖兴 |
| 801 | @aCN@bPftUser@c20040428 | |
| 905 | @f4@b248972-975@dH152.2@e212 | |
| 议论文写作导引/吴祖兴.-北京:清华大学出版社,1988.09 |
| 197页;21cm |
| ISBN 7-302-00246-0:CNY1.70 |
| ● |
| 相关链接 |
|
|
|
|
正题名:议论文写作导引
索取号:H152.2/212
 
预约/预借
| 序号 | 登录号 | 条形码 | 馆藏地/架位号 | 状态 | 备注 |
| 1 | 0248796 | 000854463 | 第二样本阅览室/ [索取号:H152.2/212] | 在馆 | |
| 2 | 0248972 | 000854588 | 第四借阅区/ [索取号:H152.2/212] | 在馆 | |
| 3 | 0248973 | 000854418 | 第四借阅区/ [索取号:H152.2/212] | 在馆 | |
| 4 | 0248974 | 000854427 | 第四借阅区/ [索取号:H152.2/212] | 在馆 | |
| 5 | 0248975 | 000854506 | 第四借阅区/ [索取号:H152.2/212] | 在馆 |